000 00610nam a22002417a 4500
003 UA-OsUOA
001 39031
007 ta
008 20060605b un ||||| |||| 00| 0 ukr d
100 _aУит Эд
700 _aПэркиннс О.
090 _a241.513
_bУ39
942 _cBK
040 _aUA-OsUOA
_brus
_cUA-OsUOA
_dUA-OsUOA
245 _aЛюбовь в браке для каждой супружеской пары
300 _a212 с.
955 _a4
041 _arus
080 _a241.513
260 _c1991
650 7 _a2 Релігія. Теологія.
_2UDC
999 _c325166
_d325166